[Event "Match"]
[Site "www.echecsemail.com"]
[Date "2018.05.27"]
[Round "1"]
[White "Cal"]
[Black "Usmehs"]
[WhiteElo "1570"]
[BlackElo "1499"]
[Result "0-1"]
[Round "1"]
1.c4 c5
2.Nb1c3 Nb8c6
3.e4 d6
4.h3 Ng8f6
5.d3 g6
6.Ng1f3 Bf8g7
7.a3 a6
8.b3 Nf6xe4
9.dxe4 Bg7xc3
10.Bc1d2 Bc3xa1
11.Qd1xa1 e5
12.Bf1d3 f6
13.O-O Bc8e6
14.b4 Ra8b8
15.bxc5 dxc5
16.Bd2c3 Qd8xd3
17.Rf1d1 Qd3xe4
18.Rd1e1 Qe4xc4
19.Nf3d2 Qc4a2
20.Qa1c1 Nc6d4
21.Bc3xd4 cxd4
22.f4 Rb8c8
23.Qc1b1 Qa2xd2
24.Re1d1 Qd2e3
25.Kh2 Be6d5
26.Rd1d3 Qe3xf4
27.Kg1 Rc8c1
28.Qb1xc1 Qf4xc1
29.Kh2 Qc1c2
30.Rd3g3 d3
31.Rg3xd3 Bd5xg2
32.Rd3g3 Bg2f3
33.Kg1 e4
34.h4 O-O
35.h5 g5
36.h6 b5
{ resign }
0-1

[Event "Match"]
[Site "www.echecsemail.com"]
[Date "2018.05.27"]
[Round "1"]
[White "Goofy"]
[Black "Fegatux"]
[WhiteElo "2340"]
[BlackElo "2350"]
[Result "0-1"]
[Round "1"]
1.e4 d6
2.d4 Ng8f6
3.Nb1c3 c6
4.f4 Qd8a5
5.Bf1d3 e5
6.Ng1f3 exd4
7.Nf3xd4 g6
8.O-O Bf8g7
9.Kh1 O-O
10.f5 Nb8d7
11.Qd1e1 Rf8e8
12.Qe1h4 Qa5b6
13.Nd4f3 a5
14.fxg6 hxg6
15.Ra1b1 Qb6c7
16.a4 b6
17.Bc1h6 Bc8a6
18.Bh6xg7 Kxg7
19.Rb1e1 Re8h8
20.Qh4g3 Ba6xd3
21.cxd3 Rh8h5
22.d4 Ra8e8
23.Re1e2 b5
24.Rf1e1 b4
25.Nc3d1 c5
26.e5 dxe5
27.dxe5 Nf6g8
28.Kg1 c4
29.e6 Qc7b6
30.Qg3f2 Re8xe6
31.Re2xe6 fxe6
32.Nf3d2 Qb6d6
33.h3 Qd6c6
34.Qf2d4 e5
35.Qd4xc4 Qc6xa4
36.Nd2b3 Qa4a2
37.Qc4c7 Qa2xb3
38.Qc7xd7 Qb3f7
39.Qd7d6 Qf7e7
40.Qd6b6 e4
41.Qb6d4 Ng8f6
42.Nd1f2 Qe7c5
43.Re1xe4 Qc5xd4
44.Re4xd4 Rh5c5
45.Rd4d2 a4
46.Kf1 a3
47.bxa3 bxa3
48.Rd2a2 Rc5a5
49.Nf2d3 Nf6d5
50.Nd3c1 Nd5b4
51.Ra2a1 a2
52.Ke2 Ra5a3
53.Kf2 Ra3c3
54.g3 Rc3c2
55.Nc1e2 Rc2b2
{ resign }
0-1

[Event "Match"]
[Site "www.echecsemail.com"]
[Date "2018.05.27"]
[Round "1"]
[White "Darknight"]
[Black "Irene"]
[WhiteElo "1750"]
[BlackElo "2000"]
[Result "1-0"]
[Round "1"]
1.e4 e5
2.Bf1c4 c6
3.a3 d5
4.exd5 cxd5
5.Bc4a2 b6
6.d3 Ng8f6
7.h3 Bc8a6
8.g4 Bf8c5
9.Bc1g5 O-O
10.Nb1c3 b5
11.Ba2xd5 Nb8d7
12.Bd5xa8 Qd8xa8
13.f3 Ba6b7
14.Bg5xf6 Nd7xf6
15.Qd1e2 Rf8e8
16.O-O-O a6
17.Kb1 Bc5xg1
18.Nc3e4 Bg1d4
19.c3 Bd4c5
20.Rd1f1 a5
21.Ne4xc5 Bb7d5
22.g5 Nf6h5
23.Qe2f2 b4
24.a4 bxc3
25.b3 Qa8b8
26.Rf1c1 Bd5xb3
27.Rc1xc3 Bb3xa4
28.Qf2b2 Qb8d6
29.Nc5xa4 Re8b8
30.Rc3b3 Rb8c8
31.Na4c5 Qd6xc5
32.Rb3b8 Qc5f8
33.Rb8xc8 Qf8xc8
34.Rh1c1 Qc8a8
35.Rc1c7 g6
36.Qb2xe5 Qa8b8
37.Kc1 a4
38.Qe5c3 a3
39.Rc7c8 Qb8xc8
40.Qc3xc8 Kg7
41.Qc8c3 Kg8
42.Qc3xa3 Nh5f4
43.h4 Nf4g2
44.Qa3a4 Kg7
45.d4 Ng2xh4
46.f4 Nh4g2
47.d5 Ng2e3
48.Qa4d4 f6
49.Qd4xe3 fxg5
50.fxg5 Kf7
51.d6 Kg7
52.d7 h6
53.gxh6 Kh7
54.Qe3g5 Kh8
55.d8Q { resign }
1-0

[Event "Match"]
[Site "www.echecsemail.com"]
[Date "2018.05.27"]
[Round "1"]
[White "Tonino1"]
[Black "Ditto"]
[WhiteElo "1950"]
[BlackElo "1760"]
[Result "1-0"]
[Round "1"]
1.d4 d5
2.f4 Nb8c6
3.e3 Bc8f5
4.c3 e6
5.Bf1d3 Bf5g4
6.Qd1xg4 Ng8f6
7.Qg4e2 Bf8e7
8.Ng1f3 Nf6g4
9.O-O Be7f6
10.h3 Ng4h6
11.e4 dxe4
12.Bd3xe4 Qd8d7
13.Nf3e5 Nc6xe5
14.fxe5 Bf6e7
15.Bc1xh6 gxh6
16.Qe2h5 Be7g5
17.Be4xb7 Ra8b8
18.Qh5f3 Rh8f8
19.Bb7c6 Qd7xc6
20.Qf3xc6 Kd8
21.b3 Bg5e3
22.Kh1 Be3g5
23.Nb1a3 a5
24.Na3b5 Rb8c8
25.d5 exd5
26.e6 f6
27.Qc6d7 { resign }
1-0

[Event "Match"]
[Site "www.echecsemail.com"]
[Date "2018.05.27"]
[Round "1"]
[White "Biohazard"]
[Black "Darko10"]
[WhiteElo "2810"]
[BlackElo "2870"]
[Result "1/2-1/2"]
[Round "1"]
1.h3 d5
2.e3 e5
3.d4 Nb8c6
4.Ng1f3 e4
5.Nf3d2 f5
6.c4 Ng8f6
7.Nb1c3 Nc6e7
8.Bf1e2 c6
9.O-O Bc8e6
10.a4 dxc4
11.Be2xc4 Ne7d5
12.Qd1b3 Qd8b6
13.Qb3a2 Bf8b4
14.a5 Qb6c7
15.Nc3xd5 Nf6xd5
16.Bc4xd5 Be6xd5
17.Nd2c4 O-O
18.b3 g5
19.Bc1a3 Bb4xa3
20.Qa2xa3 Ra8e8
21.Qa3c5 { draw }
1/2-1/2

[Event "Tourn. n9816"]
[Site "www.echecsemail.com"]
[Date "2018.05.27"]
[Round "1"]
[White "Reda"]
[Black "Kevinking"]
[WhiteElo "1790"]
[BlackElo "1870"]
[Result "0-1"]
[Round "1"]
1.d4 d5
2.Nb1c3 Ng8f6
3.Ng1f3 Bc8f5
4.Bc1f4 c6
5.e3 e6
6.Bf1d3 Bf5xd3
7.Qd1xd3 Bf8e7
8.O-O O-O
9.e4 Kh8
10.exd5 cxd5
11.Qd3b5 b6
12.Rf1e1 Nb8d7
13.Nf3e5 Nd7xe5
14.dxe5 Nf6d7
15.Ra1d1 a6
16.Qb5e2 b5
17.a3 Nd7b6
18.Qe2f3 Nb6c4
19.Rd1b1 Ra8c8
20.Re1d1 Qd8c7
21.Qf3g3 Nc4xb2
22.Rb1xb2 Qc7xc3
23.Qg3xc3 Rc8xc3
24.Rb2a2 Rf8c8
25.Rd1d2 Rc3xa3
26.Ra2b2 Ra3a1
{ resign }
0-1

[Event "Tourn. n9822"]
[Site "www.echecsemail.com"]
[Date "2018.05.27"]
[Round "1"]
[White "Ditto"]
[Black "Reda"]
[WhiteElo "1820"]
[BlackElo "1770"]
[Result "1/2-1/2"]
[Round "1"]
1.e4 e5
2.Ng1f3 Nb8c6
3.Bf1b5 Qd8f6
4.Nb1c3 Nc6e7
5.d4 exd4
6.Nf3xd4 c6
7.Bb5d3 Ne7g6
8.Nd4f5 Bf8b4
9.Bc1d2 d6
10.a3 Bc8xf5
11.exf5 Bb4xc3
12.Bd2xc3 Qf6e7
13.Bd3e2 Ng6e5
14.O-O Ng8f6
15.Rf1e1 { draw }
1/2-1/2

[Event "1/128 Finale"]
[Site "www.chess-mail.com"]
[Date "2018.05.27"]
[Round "1"]
[White "Odin"]
[Black "Llord"]
[WhiteElo "1820"]
[BlackElo "1940"]
[Result "1-0"]
[Round "1"]
1.e4 e5
2.Ng1f3 Nb8c6
3.Bf1c4 Bf8c5
4.O-O Ng8f6
5.d3 O-O
6.Bc1g5 h6
7.Bg5h4 Bc5e7
8.Nb1c3 d6
9.Rf1e1 Nf6g4
10.Bh4g3 Nc6d4
11.Nc3d5 Bc8e6
12.h3 Ng4f6
13.Nf3xd4 exd4
14.Qd1f3 c6
15.Nd5xf6 Be7xf6
16.b3 d5
17.exd5 Be6xd5
18.Bc4xd5 cxd5
19.Bg3f4 Ra8c8
20.Qf3g3 Bf6g5
21.Bf4e5 Rc8xc2
22.Be5xd4 Bg5h4
23.Qg3xg7 
1-0

[Event "1/8 Finale"]
[Site "www.chess-mail.com"]
[Date "2018.05.27"]
[Round "1"]
[White "Chessington"]
[Black "Asoka"]
[WhiteElo "2830"]
[BlackElo "2710"]
[Result "1-0"]
[Round "1"]
1.Ng1f3 d5
2.g3 c6
3.Bf1g2 Ng8f6
4.O-O Bc8g4
5.h3 Bg4h5
6.d3 Nb8d7
7.Nb1d2 a5
8.e4 dxe4
9.dxe4 e6
10.Nd2c4 Bf8e7
11.e5 Nf6d5
12.Nc4d6 Kf8
13.g4 Bh5g6
14.c4 Nd5b4
15.Nd6xb7 Qd8c7
16.Nb7d6 Nb4c2
17.Ra1b1 Nc2b4
18.a3 Nb4d3
19.Qd1e2 Ra8d8
20.Bc1e3 h5
21.g5 h4
22.c5 Nd7xe5
23.Rb1d1 Ne5xf3
24.Qe2xf3 Nd3xc5
25.Be3xc5 { resign }
1-0

[Event "Tourn. n9747"]
[Site "www.chess-mail.com"]
[Date "2018.05.28"]
[Round "1"]
[White "Gegonz"]
[Black "Pachi"]
[WhiteElo "1610"]
[BlackElo "1700"]
[Result "1-0"]
[Round "1"]
1.Ng1f3 d5
2.c4 e6
3.g3 dxc4
4.Qd1a4 c6
5.Qa4xc4 Ng8f6
6.Bf1g2 Bf8d6
7.O-O O-O
8.d4 b5
9.Qc4c2 Qd8b6
10.e4 c5
11.e5 Bc8b7
12.exd6 cxd4
13.Qc2c7 d3
14.Nb1d2 Nf6e4
15.Nd2xe4 Bb7xe4
16.Bc1e3 Qb6xc7
17.dxc7 Nb8a6
18.Rf1c1 Ra8c8
19.Be3f4 f6
20.Nf3d2 Be4xg2
21.Kxg2 e5
22.Bf4e3 Rc8xc7
23.Rc1xc7 Na6xc7
24.Be3xa7 Nc7d5
25.Ba7c5 Rf8c8
26.b4 g5
27.Kf3 f5
28.a3 Kf7
29.Ra1e1 Ke6
30.g4 f4
31.Nd2e4 Rc8a8
32.Re1a1 h6
33.h3 Ra8h8
34.Ra1d1 h5
35.Ne4xg5 Kf6
36.Ng5e4 Ke6
37.g5 Rh8a8
38.Rd1xd3 Ra8a6
39.g6 Nd5b6
40.Rd3d6 Kf5
41.Rd6f6 { resign }
1-0

[Event "Tourn. n9787"]
[Site "www.chess-mail.com"]
[Date "2018.05.28"]
[Round "1"]
[White "Reda"]
[Black "Osopanda"]
[WhiteElo "1760"]
[BlackElo "1850"]
[Result "0-1"]
[Round "1"]
1.d4 d5
2.Bc1f4 e6
3.Nb1c3 Bf8d6
4.Bf4xd6 cxd6
5.Ng1f3 f5
6.e3 Ng8f6
7.Bf1d3 Nb8c6
8.O-O O-O
9.Nf3g5 Nf6e4
10.Ng5xe4 fxe4
11.Bd3e2 Qd8g5
12.f3 exf3
13.Be2xf3 Qg5xe3
14.Kh1 Qe3xd4
15.Qd1xd4 Nc6xd4
16.Rf1f2 Nd4xf3
17.Rf2xf3 Bc8d7
18.Rf3g3 Rf8f2
19.Ra1c1 Ra8f8
20.Kg1 d4
21.Nc3e4 Rf2e2
22.Ne4xd6 Bd7c6
23.a3 Rf8f2
24.b3 Re2xc2
25.Rc1xc2 Rf2xc2
26.Rg3d3 Rc2xg2
27.Kf1 Rg2xh2
28.Rd3xd4 Bc6d5
29.Rd4b4 a6
30.Nd6xb7 Rh2b2
31.Nb7c5 Rb2a2
32.a4 a5
33.Rb4b8 Kf7
34.b4 axb4
35.Rb8xb4 h5
36.Nc5b7 Bd5xb7
{ resign }
0-1

[Event "Tourn. n9746"]
[Site "www.chess-mail.com"]
[Date "2018.05.28"]
[Round "1"]
[White "Cal"]
[Black "Pachi"]
[WhiteElo "1530"]
[BlackElo "1680"]
[Result "1-0"]
[Round "1"]
1.c4 c6
2.h3 e5
3.e4 Ng8f6
4.Ng1f3 d5
5.cxd5 cxd5
6.a3 Bf8d6
7.d3 dxe4
8.dxe4 Qd8a5
9.Bc1d2 Qa5b6
10.b4 Nb8c6
11.b5 Nc6d4
12.a4 a5
13.Bf1c4 h6
14.O-O O-O
15.Nb1c3 Bc8e6
16.Bc4xe6 fxe6
17.Nf3h4 Bd6b4
18.Nh4g6 Rf8d8
19.Ng6xe5 Nd4b3
20.Qd1xb3 Rd8xd2
21.Ra1c1 Ra8c8
22.Ne5c4 Qb6d4
23.Nc4xd2 Qd4xd2
24.Qb3xe6 Kh7
25.Rf1d1 Qd2b2
26.Qe6xc8 Bb4a3
27.e5 Nf6h5
28.Qc8f5 g6
29.Qf5f7 Nh5g7
30.e6 Qb2b3
31.Rc1b1 Qb3xc3
32.Rd1d7 b6
33.Rb1d1 Ba3c5
34.Kh1 h5
35.Rd7c7 Kh6
36.Qf7f4 g5
37.Qf4e4 Qc3b2
38.f4 gxf4
39.Qe4xf4 Kg6
40.Rc7f7 Qb2c3
41.h4 Qc3b2
42.Qf4g5 Kh7
43.Qg5xh5 Kg8
44.Rd1d8 { resign }
1-0

[Event "Tourn. n9745"]
[Site "www.chess-mail.com"]
[Date "2018.05.28"]
[Round "1"]
[White "Seger"]
[Black "Rons"]
[WhiteElo "2770"]
[BlackElo "2660"]
[Result "1-0"]
[Round "1"]
1.e4 c5
2.Ng1f3 d6
3.Bf1e2 Ng8f6
4.Nb1c3 a6
5.O-O e6
6.d4 cxd4
7.Nf3xd4 Bf8e7
8.f4 O-O
9.Be2f3 Qd8c7
10.Bc1e3 Nb8c6
11.Nd4xc6 bxc6
12.Nc3a4 Bc8b7
13.c4 c5
14.Qd1c2 h6
15.Ra1d1 Rf8d8
16.b3 Nf6d7
17.Rd1d3 Nd7b8
18.Qc2f2 Nb8c6
19.Rf1d1 e5
20.Qf2g3 Be7f6
21.f5 Kh7
22.Na4c3 Nc6d4
23.Be3c1 Qc7e7
24.Bf3h5 a5
25.Qg3g4 Bb7c6
26.Rd3h3 a4
27.bxa4 Rd8h8
28.Bc1e3 Ra8b8
29.Nc3b5 Rh8f8
30.Be3c1 Rf8d8
31.Rd1d3 Rd8h8
32.Nb5xd6 Rb8b1
33.Rd3d1 Rh8f8
34.Nd6b5 Rb1b4
35.a3 Rb4xa4
36.Nb5c3 Ra4a6
37.Rd1d3 Kh8
38.Rd3g3 Bc6b7
39.a4 Ra6d6
40.Bh5xf7 Qe7xf7
41.Bc1xh6 Kg8
42.Rh3h5 Qf7d7
43.Bh6g5 g6
44.Bg5xf6 Rf8xf6
45.h4 Rd6b6
46.a5 Rb6a6
47.Rh5h6 Qd7g7
48.Qg4g5 Ra6d6
49.h5 Bb7c8
50.Rh6xg6 Rf6xg6
51.hxg6 Qg7f6
52.Qg5xf6 Rd6xf6
53.Nc3d5 Rf6d6
54.Nd5e7 Kg7
55.Rg3h3 Rd6xg6
56.Ne7xg6 Nd4c6
57.Rh3h8 { resign }
1-0

[Event "Tourn. n9749"]
[Site "www.chess-mail.com"]
[Date "2018.05.28"]
[Round "1"]
[White "Cristiano"]
[Black "Falcoale"]
[WhiteElo "1750"]
[BlackElo "1860"]
[Result "1/2-1/2"]
[Round "1"]
1.e4 c5
2.Ng1f3 e6
3.d4 cxd4
4.Nf3xd4 Nb8c6
5.Nb1c3 a6
6.Bf1e2 Bf8e7
7.Bc1e3 Be7b4
8.O-O Ng8f6
9.Nd4f3 Bb4xc3
10.bxc3 O-O
11.e5 Nf6d5
12.Be3d2 f6
13.c4 Nd5c7
14.Bd2c3 fxe5
15.Bc3xe5 Nc6xe5
16.Nf3xe5 d6
17.Ne5f3 b6
18.Ra1b1 Ra8b8
19.Qd1d2 e5
20.Nf3g5 Nc7e6
21.Ng5e4 Ne6d4
22.Be2d1 Bc8b7
23.Ne4g3 Qd8c7
24.c3 Qc7c6
25.f3 Nd4f5
26.Bd1b3 Kh8
27.Ng3e4 Rb8d8
28.Ne4g5 Rd8e8
29.Qd2d5 Qc6xd5
30.cxd5 b5
31.Rf1e1 Bb7a8
32.Rb1c1 a5
33.Rc1d1 Nf5e7
34.Ng5e6 Rf8f6
35.Ne6c7 Re8b8
36.Nc7xa8 Rb8xa8
37.Re1e3 Ra8c8
38.g3 Ne7g6
39.Kg2 Rc8f8
40.Rd1f1 Ng6e7
41.a3 Ne7g6
42.Bb3c2 Ng6e7
43.Bc2e4 Ne7c8
44.Rf1b1 Nc8a7
45.Be4d3 Rf8b8
46.h3 Rf6f8
47.h4 Rb8b7
48.Rb1b2 Rf8b8
49.Rb2e2 g6
50.Re2e1 Na7c8
51.Re1b1 Nc8e7
52.Bd3e4 Rb8c8
53.Kh3 Ne7f5
54.Re3d3 Rc8c4
55.g4 Nf5e7
56.Kg2 Ne7g8
57.Kf2 Ng8f6
58.Ke3 Nf6xe4
59.fxe4 b4
60.cxb4 axb4
61.a4 Kg7
62.a5 Rb7a7
63.Rd3b3 Ra7xa5
64.Rb3xb4 Rc4c3
65.Kf2 Ra5a3
66.Rb4b7 Kh6
67.g5 Kh5
68.Rb7xh7 Kg4
69.Rb1g1 Kf4
70.Rg1e1 Rc3f3
71.Kg1 Rf3g3
72.Kf1 Ra3f3
73.Ke2 Rf3e3
74.Kd1 Re3xe1
75.Kxe1 Rg3e3
76.Kd2 Re3xe4
77.Rh7f7 Kg4
78.Rf7f6 Re4d4
79.Ke3 Rd4xd5
80.Rf6xg6 Kxh4
81.Rg6g8 Rd5d1
82.Ke2 Rd1g1
83.g6 Kh5
84.g7 Kh6
85.Rg8d8 Kxg7
86.Rd8xd6 Rg1g5
87.Kf3 Kf7
88.Ke4 Ke7
89.Rd6a6 Kd7
90.Ra6h6 Ke7
91.Kd5 Rg5f5
92.Rh6e6 Kf7
{ draw }
1/2-1/2

[Event "Tourn. n9795"]
[Site "www.chess-mail.com"]
[Date "2018.05.28"]
[Round "1"]
[White "Sociopath"]
[Black "Rons"]
[WhiteElo "2630"]
[BlackElo "2660"]
[Result "1-0"]
[Round "1"]
1.e4 c5
2.Ng1f3 d6
3.d4 cxd4
4.Nf3xd4 Ng8f6
5.Nb1c3 a6
6.Bc1e3 e6
7.f3 b5
8.a3 Bc8b7
9.Qd1d2 Nb8d7
10.O-O-O Ra8c8
11.g4 Nd7e5
12.Rh1g1 Nf6d7
13.f4 Ne5c4
14.Bf1xc4 Rc8xc4
15.Nd4e2 Bf8e7
16.g5 b4
17.axb4 Rc4xb4
18.b3 a5
19.f5 a4
20.Nc3xa4 Rb4xe4
21.Na4c3 Re4e5
22.fxe6 fxe6
23.Be3f4 Re5a5
24.Bf4xd6 Be7xg5
25.Ne2f4 Bb7f3
26.Rd1e1 e5
27.Kb2 Kf7
28.Qd2d3 Bg5xf4
29.Qd3c4 Kf6
30.Rg1f1 Qd8a8
31.Qc4d3 Ra5d5
32.Nc3xd5 Qa8xd5
33.Rf1xf3 Qd5xd3
34.Rf3xd3 Ke6
35.b4 Rh8c8
36.b5 Bf4xh2
37.Kb3 h5
38.c4 Rc8d8
39.Re1d1 h4
40.c5 Nd7b8
41.c6 Nb8xc6
42.bxc6 Rd8c8
43.c7 g5
44.Rd3d5 Bh2f4
45.Kc4 e4
46.Rd1d4 { resign }
1-0

[Event "Tourn. n9692"]
[Site "www.chess-mail.com"]
[Date "2018.05.28"]
[Round "1"]
[White "Szustan"]
[Black "Seger"]
[WhiteElo "2560"]
[BlackElo "2780"]
[Result "0-1"]
[Round "1"]
1.e4 e5
2.Ng1f3 Nb8c6
3.Nb1c3 Ng8f6
4.d4 exd4
5.Nc3d5 Nf6xe4
6.Qd1e2 f5
7.Nf3g5 d3
8.cxd3 Nc6d4
9.Qe2h5 g6
10.Qh5h4 c6
11.dxe4 cxd5
12.exd5 Bf8g7
13.Kd1 h6
14.Ng5f3 b6
15.Qh4xd8 Kxd8
16.Nf3h4 g5
17.Nh4g6 Rh8g8
18.f4 g4
19.Bc1e3 Bc8b7
20.Bf1c4 b5
21.Bc4d3 Bb7xd5
22.Ng6h4 Rg8e8
23.Kd2 b4
24.b3 a5
25.Rh1e1 Re8e6
26.Ra1d1 a4
27.Be3xd4 Bg7xd4
28.Re1xe6 dxe6
29.Bd3c4 axb3
30.Bc4xd5 bxa2
31.Bd5xa8 b3
32.Nh4xf5 b2
33.Nf5xd4 b1Q
34.Nd4c2 Ke7
35.Rd1e1 Qb1b6
36.Ba8e4 Qb6f2
37.Re1e2 Qf2xf4
38.Re2e3 Qf4d6
39.Ke2 Qd6xh2
40.Be4d5 Kd6
41.Bd5xa2 Qh2xg2
42.Kd1 e5
43.Re3d3 Ke7
44.Ba2d5 Qg2f1
45.Kd2 Qf1f2
46.Kd1 h5
47.Rd3e3 Kd6
48.Re3d3 h4
49.Nc2e3 Ke7
50.Bd5e4 h3
51.Ne3f5 Kf6
52.Nf5g3 Kg5
53.Ng3e2 Qf2f1
54.Kd2 Qf1b1
55.Rd3e3 Qb1b4
56.Kd3 Qb4d6
57.Kc2 Qd6b4
58.Kd1 h2
{ resign }
0-1

[Event "Tourn. n9792"]
[Site "www.chess-mail.com"]
[Date "2018.05.28"]
[Round "1"]
[White "Ditto"]
[Black "Pablincho"]
[WhiteElo "1760"]
[BlackElo "1780"]
[Result "0-1"]
[Round "1"]
1.e4 e6
2.Bf1c4 d5
3.exd5 exd5
4.Bc4b3 Bc8e6
5.d4 h6
6.c3 Ng8f6
7.Ng1f3 Nb8d7
8.Bc1f4 Bf8e7
9.O-O O-O
10.Qd1d3 Nf6e4
11.Nb1d2 Nd7f6
12.Bf4e5 Be6f5
13.Qd3e2 c6
14.Nf3h4 Ne4xd2
15.Qe2xd2 Nf6e4
16.Qd2f4 Bf5e6
17.Nh4f3 Ra8c8
18.Bb3c2 f6
19.Qf4e3 fxe5
20.Nf3xe5 Be7g5
21.Qe3e2 Be6f5
22.c4 Qd8b6
23.b3 Qb6xd4
24.Ne5f3 Qd4f6
25.cxd5 cxd5
26.Qe2b5 Rc8xc2
27.Qb5xd5 Kh7
28.Qd5xb7 Ne4xf2
29.Qb7xa7 Nf2g4
30.Qa7a4 Ng4e3
31.Rf1f2 Qf6xa1
{ resign }
0-1

[Event "Match"]
[Site "www.echecsemail.com"]
[Date "2018.05.28"]
[Round "1"]
[White "Iituchess"]
[Black "Krystek23"]
[WhiteElo "1809"]
[BlackElo "2500"]
[Result "1-0"]
[Round "1"]
1.e4 c5
2.Ng1f3 e6
3.d4 cxd4
4.Nf3xd4 Nb8c6
5.Nb1c3 Qd8c7
6.f4 d6
7.g4 Bf8e7
8.g5 h6
9.Bc1e3 hxg5
10.fxg5 Nc6e5
11.Qd1d2 a6
12.h4 Bc8d7
13.O-O-O b5
14.a3 Ra8b8
15.Kb1 f6
16.Bf1h3 Qc7c8
17.b3 b4
18.Nc3e2 bxa3
19.Ka2 a5
20.Rd1b1 Ne5f7
21.Qd2xa5 Nf7e5
22.Ne2f4 fxg5
23.hxg5 Rb8a8
24.Qa5d2 Be7xg5
25.Nd4xe6 Rh8xh3
26.Ne6xg5 Rh3xe3
27.Rh1h8 { resign }
1-0

[Event "Match"]
[Site "www.echecsemail.com"]
[Date "2018.05.28"]
[Round "1"]
[White "Fangshuo"]
[Black "Tonino1"]
[WhiteElo "2080"]
[BlackElo "2060"]
[Result "1-0"]
[Round "1"]
1.e4 d6
2.d4 Ng8f6
3.Nb1c3 g6
4.Bc1g5 Bf8g7
5.Ng1f3 O-O
6.Qd1d2 Rf8e8
7.Bg5h6 Bg7h8
8.O-O-O c6
9.h3 Qd8c7
10.e5 dxe5
11.dxe5 Nf6d7
12.e6 fxe6
13.Nf3g5 Nd7e5
14.f4 Ne5f7
15.Ng5xf7 Kxf7
16.g4 Nb8d7
17.Bf1d3 b5
18.f5 Nd7e5
19.fxg6 hxg6
20.Rh1f1 Kg8
21.Bd3xg6  { time }
1-0

[Event "Match"]
[Site "www.echecsemail.com"]
[Date "2018.05.28"]
[Round "1"]
[White "Paco"]
[Black "Darknight"]
[WhiteElo "2080"]
[BlackElo "1830"]
[Result "0-1"]
[Round "1"]
1.e4 e5
2.Ng1f3 d6
3.Bf1c4 h6
4.c3 Ng8f6
5.d3 Bc8g4
6.h3 Bg4h5
7.g4 Bh5g6
8.Nb1a3 c6
9.Qd1b3 b5
10.Bc4xb5 cxb5
11.Qb3xb5 Nb8d7
12.Bc1e3 Bf8e7
13.g5 Nf6h7
14.h4 Bg6h5
15.Nf3d2 O-O
16.Nd2c4 Qd8c7
17.gxh6 g6
18.Qb5d5 Nd7f6
19.Qd5b5 Rf8b8
20.Qb5a4 Nf6g4
21.Na3b5 Qc7d7
22.Nc4a3 a6
23.d4 axb5
24.Qa4b4 Ra8a4
25.Qb4b3 Nh7f6
26.Qb3c2 b4
27.cxb4 Rb8xb4
28.Ra1c1 Kh7
29.Qc2d3 Rb4xb2
30.dxe5 Nf6g8
31.Na3c4 Rb2xa2
32.Rh1h3 Ng4xe5
33.Nc4xe5 Qd7xh3
{ resign }
0-1

[Event "Match"]
[Site "www.echecsemail.com"]
[Date "2018.05.28"]
[Round "1"]
[White "Gimmyg"]
[Black "Luzhin"]
[WhiteElo "2490"]
[BlackElo "2460"]
[Result "1/2-1/2"]
[Round "1"]
1.Ng1f3 d5
2.d4 Ng8f6
3.c4 e6
4.cxd5 exd5
5.Bc1f4 c5
6.Nb1c3 Nb8c6
7.h3 Qd8b6
8.e3 cxd4
9.Nf3xd4 Qb6xb2
10.Nd4b5 Bf8b4
11.Qd1c1 Qb2xc1
12.Ra1xc1 O-O
13.f3 Bc8e6
14.Kf2 a6
15.Nb5c7 Ra8d8
16.Nc3a4 d4
17.Bf1xa6 Bb4d2
18.Ba6xb7 Bd2xc1
19.Rh1xc1 Nc6b4
20.Na4c5 dxe3
21.Bf4xe3 Be6xa2
22.Nc7a6 Nb4xa6
23.Bb7xa6 Nf6d5
24.Be3g5 f6
25.Bg5h4 Nd5c7
26.Ba6f1 Nc7e6
27.Nc5xe6 Ba2xe6
28.Rc1e1 Rd8d2
29.Kg1 Kf7
30.Re1b1 Rf8d8
31.Rb1e1 Rd2c2
32.Re1e2 Rc2c3
33.Re2e4 Rd8a8
34.Bh4e1 Rc3c1
35.Be1h4 Rc1xf1
{ draw }
1/2-1/2

[Event "Tourn. n9841"]
[Site "www.echecsemail.com"]
[Date "2018.05.28"]
[Round "1"]
[White "Juheset"]
[Black "Mitja"]
[WhiteElo "2010"]
[BlackElo "2020"]
[Result "1-0"]
[Round "1"]
1.Ng1f3 d5
2.c4 dxc4
3.Qd1a4 c6
4.Qa4xc4 e6
5.d4 h6
6.g3 Ng8f6
7.Bf1g2 Bf8e7
8.Nf3e5 Qd8d5
9.Bg2xd5 { resign }
1-0

[Event "Match"]
[Site "www.echecsemail.com"]
[Date "2018.05.28"]
[Round "1"]
[White "Juheset"]
[Black "Chapi"]
[WhiteElo "2010"]
[BlackElo "2090"]
[Result "0-1"]
[Round "1"]
1.c4 c5
2.Nb1c3 g6
3.e4 Bf8g7
4.Qd1c2 Nb8c6
5.Ng1f3 d6
6.d3 Ng8f6
7.Bc1e3 Nf6g4
8.Be3d2 O-O
9.h3 Ng4e5
10.Nf3xe5 Nc6xe5
11.Bf1e2 f5
12.exf5 Rf8xf5
13.Nc3e4 e6
14.Be2g4 Rf5f8
15.f4 d5
16.Ne4xc5 Qd8h4
17.Kd1 Ne5xg4
18.Bd2e1 Ng4e3
{ resign }
0-1

[Event "Tourn. n9808"]
[Site "www.echecsemail.com"]
[Date "2018.05.28"]
[Round "1"]
[White "Ditto"]
[Black "Reda"]
[WhiteElo "1860"]
[BlackElo "1790"]
[Result "1/2-1/2"]
[Round "1"]
1.e4 e5
2.Ng1f3 Nb8c6
3.Bf1c4 h6
4.d3 Bf8c5
5.c3 Ng8f6
6.O-O O-O
7.Bc1e3 d6
8.Be3xc5 dxc5
9.Nb1d2 Rf8e8
10.Qd1b3 Bc8e6
11.Bc4xe6 Re8xe6
12.c4 Ra8b8
13.Qb3d1 Qd8xd3
14.Rf1e1 Nc6d4
15.Nf3xd4 Qd3xd4
16.Ra1b1 Nf6g4
17.Re1f1 Rb8d8
18.Nd2b3 Qd4xd1
19.Rb1xd1 Rd8xd1
20.Rf1xd1 Re6e7
21.h3 Ng4f6
22.f3 b6
23.Nb3c1 Re7d7
24.Rd1xd7 Nf6xd7
25.Kf2 f6
{ draw }
1/2-1/2

[Event "Tourn. n9825"]
[Site "www.echecsemail.com"]
[Date "2018.05.28"]
[Round "1"]
[White "Paes19"]
[Black "Juheset"]
[WhiteElo "1959"]
[BlackElo "2010"]
[Result "0-1"]
[Round "1"]
1.e4 c5
2.Ng1f3 Nb8c6
3.Bf1c4 e6
4.a3 g6
5.Nb1c3 Bf8g7
6.O-O d5
7.exd5 exd5
8.Nc3xd5 Ng8e7
9.h3 Ne7xd5
10.Rf1e1 Bc8e6
11.Nf3g5 Qd8xg5
12.d3 Nd5f4
13.Qd1f3 O-O
14.Bc1xf4 Qg5h4
15.c3 Be6xc4
16.dxc4 Nc6a5
17.Re1e4 Na5b3
18.Ra1d1 Rf8d8
19.Rd1d5 Rd8xd5
20.cxd5 Qh4d8
21.Qf3d1 Qd8b6
22.Qd1f3 Nb3a1
23.Qf3e2 Ra8d8
24.Re4e8 Rd8xe8
25.Qe2xe8 Bg7f8
26.d6 Qb6c6
27.Qe8b8 Kg7
28.Bf4e5 Kg8
29.Qb8d8 f6
30.Be5xf6 Qc6xd6
{ resign }
0-1

[Event "Tourn. n9815"]
[Site "www.echecsemail.com"]
[Date "2018.05.28"]
[Round "1"]
[White "Tonino1"]
[Black "Andychesston"]
[WhiteElo "2000"]
[BlackElo "2080"]
[Result "1-0"]
[Round "1"]
1.d4 d5
2.f4 Ng8f6
3.e3 Nb8d7
4.Bf1d3 Nf6e4
5.Nb1d2 Nd7f6
6.Ng1f3 Bc8g4
7.O-O e6
8.Qd1e1 Bf8e7
9.h3 Bg4h5
10.g4 Nf6xg4
11.hxg4 Bh5xg4
12.Nd2xe4 dxe4
13.Bd3xe4 c6
14.Qe1g3 Bg4xf3
15.Rf1xf3 Qd8a5
16.Qg3xg7 O-O-O
17.Qg7xf7 Qa5e1
18.Kh2 Qe1h4
19.Rf3h3 Qh4f2
20.Be4g2 Be7h4
21.Qf7xe6 Kb8
22.Qe6g4 Bh4f6
23.Qg4f5 Rh8g8
24.Qf5e4 Rd8e8
25.Qe4f3 Qf2xc2
26.f5 Rg8g5
27.e4 Rg5g8
28.Bc1f4 Ka8
29.e5 Bf6g5
30.Bf4g3 Bg5c1
31.d5 Re8d8
32.dxc6 Qc2xg2
33.Kxg2 Rd8d2
34.Kf1 a6
35.cxb7 Ka7
36.Ra1xc1 Rd2xb2
37.Rh3xh7 Rg8b8
38.Bg3f2 Rb2b6
39.Rc1c6 Rb8xb7
40.Bf2xb6 { resign }
1-0

[Event "Tourn. n9813"]
[Site "www.echecsemail.com"]
[Date "2018.05.28"]
[Round "1"]
[White "Hundegana"]
[Black "Estonia"]
[WhiteElo "2070"]
[BlackElo "1990"]
[Result "1-0"]
[Round "1"]
1.e4 e5
2.Nb1c3 d6
3.Qd1f3 Ng8f6
4.Nc3d5 Nf6xd5
5.exd5 Bf8e7
6.d3 c5
7.c3 Nb8a6
8.Ng1e2 O-O
9.Ne2g3 b5
10.a4 b4
11.c4 Bc8d7
12.b3 f5
13.Bc1d2 f4
14.Ng3e4 Bd7f5
15.O-O-O Bf5xe4
16.dxe4 Na6c7
17.Rh1g1 a5
18.Qf3g4 Qd8c8
19.Qg4xc8 Ra8xc8
20.g3 f3
21.Bf1h3 Rc8b8
22.Bh3d7 Rb8d8
23.Bd7h3 Nc7e8
24.Bh3e6 Kh8
25.h4 Ne8c7
26.Be6h3 Nc7e8
27.Bd2g5 Be7xg5
28.hxg5 g6
29.Bh3g4 Ne8g7
30.Rg1h1 Kg8
31.Rh1h2 Ng7h5
32.Bg4xh5 gxh5
33.Rh2xh5 Kg7
34.Rd1h1 Rf8h8
35.Kd2 Rd8f8
36.Ke3 h6
37.Rh5xh6 Rh8xh6
38.Rh1xh6 Rf8d8
39.Kxf3 Rd8f8
40.Ke3 Rf8f7
41.Rh6xd6 { resign }
1-0

[Event "Match"]
[Site "www.echecsemail.com"]
[Date "2018.05.28"]
[Round "1"]
[White "Tonino1"]
[Black "Sahlapalat"]
[WhiteElo "2000"]
[BlackElo "2340"]
[Result "0-1"]
[Round "1"]
1.d4 Ng8f6
2.g4 Nf6xg4
3.e4 d6
4.Nb1c3 e5
5.Bf1e2 Qd8h4
6.Be2xg4 Bc8xg4
7.Nc3e2 exd4
8.Qd1xd4 Nb8c6
9.Qd4d2 Nc6e5
10.Qd2g5 Bf8e7
11.Qg5xh4 Be7xh4
12.Bc1e3 O-O-O
13.O-O-O Rh8e8
14.b3 a5
15.Rd1d2 a4
16.Ne2c3 axb3
17.axb3 b6
18.h3 Bg4h5
19.f4 Ne5f3
20.Ng1xf3 Bh5xf3
21.Rh1g1 Bh4f6
22.Nc3d5 Bf3xe4
23.Nd5xf6 gxf6
24.Be3d4 Re8e6
25.Rg1g7 Be4g6
26.f5 Bg6xf5
27.Rg7xf7 Bf5xh3
28.Rf7xh7 Bh3g4
29.Rh7g7 f5
30.Bd4f2 Rd8h8
31.Bf2d4 Rh8h1
32.Kb2 Bg4f3
33.Kc3 Bf3e4
34.Rd2f2 Re6h6
35.Bd4e3 Rh6h3
36.Kd2 Rh1h2
37.Rg7f7 Rh2xf2
38.Be3xf2 Rh3h2
39.Ke3 Be4xc2
40.b4 Rh2h3
41.Kd2 Bc2e4
42.Bf2e3 Rh3h2
43.Kc3 Rh2c2
44.Kd4 c5
45.bxc5 bxc5

0-1

[Event "Match"]
[Site "www.echecsemail.com"]
[Date "2018.05.28"]
[Round "1"]
[White "Dougbeer"]
[Black "Rookie"]
[WhiteElo "1499"]
[BlackElo "1250"]
[Result "1-0"]
[Round "1"]
1.e4 e5
2.Ng1f3 Nb8c6
3.Bf1c4 Bf8c5
4.c3 Ng8f6
5.d4 Bc5d6
6.dxe5 Nc6xe5
7.Nf3xe5 Bd6xe5
8.f4 Be5d6
9.e5 Bd6c5
10.exf6 Qd8xf6
11.Qd1h5 d6
12.Qh5g5 O-O
13.Qg5xf6 gxf6
14.Nb1d2 Rf8e8
15.Kd1 Bc8g4
16.Nd2f3 Ra8d8
17.Rh1e1 d5
18.Re1xe8 Rd8xe8
19.Bc4d3 Bc5e3
20.Bc1xe3 Re8xe3
21.Kd2 Re3e7
22.Ra1e1 Kf8
23.Re1xe7 Kxe7
24.Ke3 Bg4e6
25.h3 c5
26.a3 c4
27.Bd3e2 b5
28.Kd4 { resign }
1-0